000 00519nam a2200181Ia 4500
005 20250423100643.0
008 250422s9999 xx 000 0 und d
020 _a8189757199
050 _aTS156.8 P36/
100 _aPandey, N. Onkar
245 0 _aProcess control engineering
260 _aNew Delhi
260 _bS. K. Kataria & Sons
260 _c2010
300 _a305 p
650 _a Process control. Systems engineering. Chemical process control. Chemical engineering.
942 _cBK
999 _c33958
_d33958